Key to the finnish forest industry.

Bibliographic Details
Format: Book
Published: Helsinki: Finnish Forest Industries Federation, 1998.
Subjects:
LEADER 00467cam a2200157 7i4500
001 0000007105
005 19991025090000.0
002 ##000008843
020 0 0 |a T000006660  
090 0 0 |a FINL 634.92   |b KEY 
245 0 0 |a Key to the finnish forest industry. 
260 0 0 |a Helsinki:   |b Finnish Forest Industries Federation,   |c 1998. 
300 0 0 |a 99 p.. 
650 0 0 |a Forest products industry --   |z Finland  
651 0 0 |a Finland  
999 |a 0000010243  |b Book  |c Open shelf  |e Business Information Centre